000 00726nam a2200253Ia 4500
003 OSt
005 20220925230357.0
006 a|||||r|||| 00| 0
007 ta
008 220923b |||||||| |||| 00| 0 eng d
020 _a0860916332
037 _cGeneral Book
040 _aRTL
_cRTL
_beng
041 _2eng
_aeng
082 _aY5, N4
100 _aWright Erik Olin
_936953
245 0 _aInterrogating inequality
_b Essays on class analysis,socialism and marxism
260 _aLondon
_bVerso
_c1994
300 _axiii,271p
_ccm.
500 _aBibliography: p 256-262
650 _aSocial Stratification
_9229881
942 _hY5, N4
_cGB
_2CC
999 _c585312
_d585312